000
00295pab a2200109 454500
008
180718b xxu||||| |||| 00| 0 eng d
100
_a
Sabnavis, Madan
245
_a
Economic Reforms: a prescription for better living
650
_a
Economic Development
773
_a
Financial Express
909
_a
22593
999
_c
22593
_d
22593